000 00803nam a22002531 4500
001 141053
003 ES-MaACL
005 20250808022130.0
007 t|
008 070919s1966 sp ||||0| spa d
080 _a343.97
100 1 _aWilson, Colin.
_9117017
245 1 0 _aEnciclopedia del crimen /
_cColin Wilson, Patricia Pitman ; [versión de J. Rodríguez Puértolas y C. Criado].
260 _aBarcelona :
_bLuis de Caralt,
_c[1966]
300 _a589 p. :
_bil. ;
_c22 cm.
490 1 _aLa vida vivida
650 4 _aCrimen y criminales.
_911417
700 1 _aCriado, Carmen.
_941592
700 1 _aPitman, Patricia.
_992413
700 1 _aRodríguez Puértolas, Julio.
_998746
830 1 3 _aLa vida vivida
_9180877
852 4 _aES-MaACL
_jC-29585
999 _c141053
_d141053